| 000 | 00509nam a2200205Ia 4500 | ||
|---|---|---|---|
| 008 | 210210b1964 xxu||||| |||| 00| 0 eng d | ||
| 041 | _aeng | ||
| 082 | _a538/7 | ||
| 100 | _aBATEMAN (H) | ||
| 245 | _aPartial differential equations of mathematical physics | ||
| 260 |
_aLondon _bCambridge University Press _c1964 |
||
| 300 | _a522 | ||
| 650 | _aphysics | ||
| 650 | _aPartial | ||
| 650 | _amathematical | ||
| 650 | _aequations | ||
| 650 | _adifferential | ||
| 690 | _aMagnetism | ||
| 906 | _a008955 | ||
| 999 |
_c126754 _d126754 |
||